00583aas a2200169 4500001001000000003001000010005001700020008004100037022001400078040004100092041000800133245003900141300004500180520011300225650001300338773006200351768714001CO-MdFUSB20171024155611.0171024s2010 ck ||||| |||| 00| 0 spa d a2145-8197 aCO-MdFUSBbspacCO-MdFUSBdCO-MdFUSB aspa 0aLlega la televisiónc/ El Tiempo aNúmero 5 (2010), página 14c: 28 cm.1 aLos primeros programas fueron una interpretación del Himno Nacional y una intervención de Rojas Pinilla.14aHISTORIA0 tdk100049432gNúmero 5 (2010), página 14qPágina 14